The struggle of the nations. Egypt, Syria, and Assyria. Translated by M. L. McClure. With map, three coloured plates, and over 400 illustrations
সংরক্ষণ করুন:
| প্রধান লেখক: | |
|---|---|
| বিন্যাস: | গ্রন্থ |
| ভাষা: | ইংরেজি |
| প্রকাশিত: |
Londres
Society for Promoting Christian Knowlwdge
1896
|
| সংস্করন: | 1a. ed |
| বিষয়গুলি: | |
| ট্যাগগুলো: |
ট্যাগ যুক্ত করুন
কোনো ট্যাগ নেই, প্রথমজন হিসাবে ট্যাগ করুন!
|
MARC
| LEADER | 00000nam a2200000 a 4500 | ||
|---|---|---|---|
| 001 | UCJ6979 | ||
| 003 | CL-VaPUC | ||
| 008 | 070124e18960000UK |||||||||||||||||eng|d | ||
| 082 | 0 | 4 | |a 930 |b MAS |2 21 |
| 100 | |a Maspero, Gaston |e autor |9 540176 | ||
| 245 | 1 | 4 | |a The struggle of the nations. Egypt, Syria, and Assyria. Translated by M. L. McClure. With map, three coloured plates, and over 400 illustrations |
| 250 | |a 1a. ed | ||
| 300 | |a vii, 794 p | ||
| 942 | |c BK | ||
| 945 | |d 20070124 00:00:00 |a rinostro | ||
| 260 | |a Londres |b Society for Promoting Christian Knowlwdge |c 1896 | ||
| 500 | |a Iconografía, ilustraciones y mapas, sin indizar | ||
| 600 | 0 | 7 | |a DAVID |2 CL-VaPUC |9 478379 |
| 600 | 0 | 7 | |a SALOMON |2 CL-VaPUC |9 369405 |
| 600 | 0 | 7 | |a TUTMOSIS III |2 CL-VaPUC |9 514750 |
| 600 | 0 | 7 | |a AMENOFIS III |2 CL-VaPUC |9 514751 |
| 650 | 0 | |a Arqueología |9 265619 | |
| 650 | 7 | |a EGIPTOLOGIA |2 CL-VaPUC |9 265780 | |
| 650 | 7 | |a HIKSOS |2 CL-VaPUC |9 513379 | |
| 650 | 7 | |a FARAONES |2 CL-VaPUC |9 389592 | |
| 650 | 7 | |a HITITAS |2 CL-VaPUC |9 267922 | |
| 650 | 7 | |a HISTORIA SAGRADA |2 CL-VaPUC |9 326822 | |
| 650 | 7 | |a JOYAS |2 CL-VaPUC |9 408692 | |
| 650 | 0 | |a Armas |9 318202 | |
| 650 | 0 | |a Ilustraciones |9 369481 | |
| 650 | 0 | |a Iconografía |9 267998 | |
| 650 | 0 | |a Mapas |9 260844 | |
| 650 | 0 | |a Escritura |9 264941 | |
| 650 | 7 | |a JEROGLIFICOS |2 CL-VaPUC |9 265779 | |
| 651 | 0 | |a Egipto |9 268199 | |
| 651 | 7 | |a SIRIA |2 CL-VaPUC |9 368815 | |
| 651 | 7 | |a ASIRIA |2 CL-VaPUC |9 357602 | |
| 651 | 0 | |a Israel |9 314378 | |
| 583 | |a last modification |c 20070124 00:00:00 |k Rodrigo Vera | ||
| 999 | |c 323081 |d 323079 | ||
| 952 | |0 0 |1 0 |4 0 |6 930_000000000000000_MAS_1896 |7 0 |8 X |9 402334 |a FDOBUD |b FDOBUD |d 2019-11-22 |i 1055895 |o 930 MAS 1896 |p 1055895 |r 2019-11-22 |w 2019-11-22 |y BK_X |k BUD | ||